000
00176 a2200097 4500
020
_a
9780152024284
041
_a
eng
100
_a
Ehlert, Lois
245
_a
Cuckoo
942
_c
BK
999
_c
14256
_d
14256